Design of Prestressed Concrete Structures/ (Record no. 1815)
[ view plain ]
| 000 -LEADER | |
|---|---|
| fixed length control field | 00364 a2200121 4500 |
| 020 ## - INTERNATIONAL STANDARD BOOK NUMBER | |
| International Standard Book Number | 9812531173 |
| 082 ## - DEWEY DECIMAL CLASSIFICATION NUMBER | |
| Classification number | 693.542 LIN |
| 100 ## - MAIN ENTRY--PERSONAL NAME | |
| Personal name | Lin, T. Y. |
| 245 ## - TITLE STATEMENT | |
| Title | Design of Prestressed Concrete Structures/ |
| Statement of responsibility, etc. | T. Y. Lin, Ned H. Burns |
| 250 ## - EDITION STATEMENT | |
| Edition statement | 3rd ed |
| 260 ## - PUBLICATION, DISTRIBUTION, ETC. | |
| Place of publication, distribution, etc. | New York : |
| Name of publisher, distributor, etc. | John Willey and Sons, |
| Date of publication, distribution, etc. | 1980 |
| 300 ## - PHYSICAL DESCRIPTION | |
| Extent | viii, 646p. : |
| Other physical details | ill. ; |
| Dimensions | 25 cm |
| 650 ## - SUBJECT ADDED ENTRY--TOPICAL TERM | |
| Topical term or geographic name entry element | Prestressed Concrete Structures |
| Withdrawn status | Lost status | Damaged status | Not for loan | Permanent Location | Current Location | Shelving location | Date acquired | Total Checkouts | Full call number | Barcode | Date last seen | Date last checked out | Price effective from | Koha item type |
|---|---|---|---|---|---|---|---|---|---|---|---|---|---|---|
| School of Civil and Environmental Engineering (SCEE) | School of Civil and Environmental Engineering (SCEE) | 1 | 693.542 LIN | NIT-1891 | 02/27/2023 | 01/02/2023 | 01/05/2017 | Book | ||||||
| School of Civil and Environmental Engineering (SCEE) | School of Civil and Environmental Engineering (SCEE) | NIT-2351 | 01/05/2017 | 01/05/2017 | Book | |||||||||
| School of Civil and Environmental Engineering (SCEE) | School of Civil and Environmental Engineering (SCEE) | NIT-6147 | 01/05/2017 | 01/05/2017 | Book |
